00388 2200157 4500001002100000005001500021035002000036245004200056100001200098300003000110260003400140082000800174084001400182020002200196990001200218INLIS00000000000187720250516081509 a0010-05250001691 aCerita Rakyat Nusantara /cKi Panutur0 aPanutur a128 hlm ;c16,5 x 24,5 cm aSurabaya :bCV. Cahaya Agency a800 a800 PAN c a978-623-7824-20-6 a0754803